Normal view MARC view
  • Cañeque, Carlos,

Entry Nombre Personal

Number of records used in: 3

001 - NUMERO DE CONTROL

  • campo de control: 36757

003 - IDENTIFICADOR DE NUMERO DE CONTROL

  • campo de control: UPN

005 - FECHA Y HORA DE LA ÜLTIMA TRANSACCIÓN

  • campo de control: 20210219194517.0

008 - DATOS DE LONGITUD FIJA

  • campo de control de longitud fija: nabaccnnaabn|||||||||| b |nc|||||d

035 ## - NUMERO DE CONTROL

  • Número de control: UPN11000008864

040 ## - FUENTE DE CATALOGACIÓN

  • Lenguaje de catalogación: SPA
  • Agencia de transcripción: UPN

100 1# - ENCABEZAMIENTO - NOMBRE PERSONAL

  • Nombre personal: Cañeque, Carlos,
  • Fechas asociadas con el nombre: 1957-

670 ## - FUENTE EN LA QUE SE LOCALIZARON DATOS

  • Cita de la fuente: LC/P
  • Uniform Resource Identifier: http://www.mcnbiografias.com/app-bio/do/show?key=canneque-carlos

680 ## - NOTA PUBLICA DE ACCESO PÚBLICO

  • Frase explicativa de la referencia: Narrador y ensayista español, nacido en Barcelona. Inclinado al estudio de las disciplinas humanísticas, se especializó en el análisis de la obra y la figura del escritor argentino Jorge Luis Borges. Es profesor titular de Ciencia Política en la Universidad Autónoma de Barcelona y autor de numerosas publicaciones, entre las que destacan Dios en América (1988) y Conversaciones sobre Borges (1995). Con Quién, su primera novela, ganó el Premio Nadal 1997. Esta obra ha sido traducida al portugués y al inglés.

902 ## - CATALOGADOR

  • Catalogador: MITM/250315